[Event "Titled Tuesday intern op 28th Feb Early"]
[Site "Chess.com INT"]
[Date "2023.02.28"]
[Round "5"]
[White "Trent, Lawrence"]
[Black "Rosenberg, Evan"]
[Result "1-0"]
[WhiteElo "2402"]
[BlackElo "1997"]
[PlyCount "107"]
[EventDate "2023.02.28"]
[EventType "swiss (blitz)"]
[EventRounds "11"]
[EventCountry "USA"]
[SourceTitle "CBM 213 Extra"]
[Source "ChessBase"]
[SourceDate "2023.05.31"]
[SourceVersion "1"]
[SourceVersionDate "2023.05.31"]
[SourceQuality "1"]

1. e4 e5 2. Nf3 Nc6 3. Nc3 Nf6 4. d4 exd4 5. Nd5 h6 6. Bc4 Bc5 7. 0-0 0-0 8. e5 Nxd5 9. Bxd5 d6 10. Re1 dxe5 11. Bxc6 bxc6 12. Nxe5 Qd5 13. c4 dxc3 14. bxc3 Re8 15. Bf4 Bf5 16. c4 Qxd1 17. Raxd1 Rab8 18. Nxc6 Rxe1+ 19. Rxe1 Rb2 20. Be3 Bxe3 21. fxe3 Be4 22. Nxa7 Rxg2+ 23. Kf1 Rxa2 24. Nb5 Rxh2 25. Nxc7 Rc2 26. Nd5 Rxc4 27. Nf4 Rc2 28. Ra1 g5 29. Nh5 Rc6 30. Ra7 Bg6 31. Ng3 h5 32. Ra5 h4 33. Ne2 Rf6+ 34. Kg1 g4 35. Nf4 h3 36. Kh2 Be4 37. Rg5+ Kf8 38. Rxg4 Bf5 39. Rg5 Be6 40. Rh5 Ke7 41. Kg3 Rf5 42. Rh6 Rg5+ 43. Kf3 Rg1 44. Ke4 Re1 45. Kd4 Ra1 46. Ke4 Ra2 47. Rh7 h2 48. Kf3 Kf6 49. e4 Bd7 50. Kg3 Bc6 51. Rh6+ Ke5 52. Nd3+ Kxe4 53. Nb4 Ra3+ 54. Kxh2 1-0

[Event "Titled Tuesday intern op 28th Feb Early"]
[Site "Chess.com INT"]
[Date "2023.02.28"]
[Round "7"]
[White "Yilmaz, Mustafa"]
[Black "Trent, Lawrence"]
[Result "1/2-1/2"]
[WhiteElo "2629"]
[BlackElo "2402"]
[PlyCount "133"]
[EventDate "2023.02.28"]
[EventType "swiss (blitz)"]
[EventRounds "11"]
[EventCountry "USA"]
[SourceTitle "CBM 213 Extra"]
[Source "ChessBase"]
[SourceDate "2023.05.31"]
[SourceVersion "1"]
[SourceVersionDate "2023.05.31"]
[SourceQuality "1"]

1. Nf3 d5 2. d4 Nf6 3. c4 e6 4. Nc3 Ne4 5. g3 Bb4 6. Qc2 c5 7. a3 Qa5 8. axb4 Qxa1 9. bxc5 Nc6 10. Bg2 Nb4 11. Qd1 Na2 12. Nxa2 Qxa2 13. cxd5 exd5 14. 0-0 0-0 15. Ne5 f6 16. Nd3 Re8 17. f3 Ng5 18. Bxg5 fxg5 19. e4 Qc4 20. Ne5 Rxe5 21. dxe5 Qxc5+ 22. Kh1 Be6 23. f4 dxe4 24. Bxe4 gxf4 25. gxf4 Rf8 26. Qh5 g6 27. Qg5 Bd5 28. Qg2 Bc6 29. Bxc6 bxc6 30. Qe4 Qd5 31. Qxd5+ cxd5 32. Kg2 Kf7 33. Ra1 Ke6 34. Ra6+ Kf5 35. Kf3 g5 36. fxg5 Kxe5+ 37. Kg4 Rf7 38. h4 Rb7 39. h5 Rb4+ 40. Kg3 Rb3+ 41. Kg4 Rb4+ 42. Kf3 Rb7 43. g6 hxg6 44. Rxg6 d4 45. Kg4 d3 46. Kf3 Rd7 47. Rg1 Kd4 48. h6 Rf7+ 49. Kg2 d2 50. Rh1 Kd3 51. h7 Rxh7 52. Rxh7 d1Q 53. Rd7+ Ke2 54. Rxd1 Kxd1 55. b4 Kc2 56. b5 Kb3 57. Kf3 Kb4 58. Ke3 Kxb5 59. Kd2 Ka4 60. Kc1 Ka3 61. Kb1 Kb3 62. Ka1 a5 63. Kb1 a4 64. Ka1 a3 65. Kb1 a2+ 66. Ka1 Kb4 67. Kxa2 1/2-1/2

[Event "Titled Tuesday intern op 17th Jan Early"]
[Site "Chess.com INT"]
[Date "2023.01.17"]
[Round "6"]
[White "Kovalenko, Igor"]
[Black "Trent, Lawrence"]
[Result "1-0"]
[WhiteElo "2674"]
[BlackElo "2402"]
[PlyCount "57"]
[EventDate "2023.01.17"]
[EventType "swiss (blitz)"]
[EventRounds "11"]
[EventCountry "USA"]
[SourceTitle "CBM 212 Extra"]
[Source "ChessBase"]
[SourceDate "2023.03.31"]
[SourceVersion "1"]
[SourceVersionDate "2023.03.31"]
[SourceQuality "1"]

1. d4 d5 2. c4 e6 3. Nc3 Nf6 4. Nf3 Bb4 5. Qa4+ Nc6 6. e3 0-0 7. h3 a6 8. g4 Ne4 9. Qc2 f5 10. Be2 dxc4 11. gxf5 exf5 12. Bxc4+ Kh8 13. a3 Bxc3+ 14. bxc3 Qe8 15. Bb2 f4 16. Bd5 Bf5 17. Nh4 fxe3 18. Nxf5 Rxf5 19. Qxe4 exf2+ 20. Kd2 Qf8 21. Raf1 Re8 22. Be6 Rf4 23. Qe2 Qf6 24. d5 Na5 25. Kc1 Nc4 26. Rh2 Rf8 27. Rg2 Rf3 28. Qxc4 Re3 29. Rgxf2 1-0

[Event "Titled Tuesday intern op 17th Jan Early"]
[Site "Chess.com INT"]
[Date "2023.01.17"]
[Round "9"]
[White "Ljubarov, Mark"]
[Black "Trent, Lawrence"]
[Result "0-1"]
[WhiteElo "2291"]
[BlackElo "2402"]
[PlyCount "86"]
[EventDate "2023.01.17"]
[EventType "swiss (blitz)"]
[EventRounds "11"]
[EventCountry "USA"]
[SourceTitle "CBM 212 Extra"]
[Source "ChessBase"]
[SourceDate "2023.03.31"]
[SourceVersion "1"]
[SourceVersionDate "2023.03.31"]
[SourceQuality "1"]

1. d4 Nf6 2. c4 c5 3. Nf3 e6 4. g3 b6 5. Bg2 Bb7 6. 0-0 cxd4 7. Nxd4 Bxg2 8. Kxg2 d5 9. cxd5 Qxd5+ 10. Nf3 Nc6 11. Nc3 Qxd1 12. Rxd1 Be7 13. Bf4 0-0 14. Rac1 Rac8 15. Nb5 Nd5 16. Bd6 a6 17. Bxe7 Ndxe7 18. Nd6 Rcd8 19. Nc4 b5 20. Nce5 Rxd1 21. Rxd1 Rc8 22. Nxc6 Nxc6 23. Rd7 h6 24. a3 Kf8 25. e3 Ke8 26. Rb7 Nd8 27. Ra7 Rc2 28. b4 Rc6 29. Ne5 Rd6 30. h4 h5 31. Nf3 Rb6 32. Ng5 Nb7 33. Ne4 Nd6 34. Nc5 Nc4 35. Nxa6 g6 36. Nc5 Rd6 37. Rb7 Rd2 38. Rxb5 Nxe3+ 39. Kf3 Ng4 40. Ne4 Rd3+ 41. Kf4 f6 42. Nc5 e5+ 43. Ke4 Nxf2# 0-1

[Event "Titled Tuesday intern op 17th Jan Early"]
[Site "Chess.com INT"]
[Date "2023.01.17"]
[Round "3"]
[White "Trent, Lawrence"]
[Black "Krzyzanowski, Marcin"]
[Result "1-0"]
[WhiteElo "2402"]
[BlackElo "2542"]
[PlyCount "179"]
[EventDate "2023.01.17"]
[EventType "swiss (blitz)"]
[EventRounds "11"]
[EventCountry "USA"]
[SourceTitle "CBM 212 Extra"]
[Source "ChessBase"]
[SourceDate "2023.03.31"]
[SourceVersion "1"]
[SourceVersionDate "2023.03.31"]
[SourceQuality "1"]

1. e4 c5 2. Nc3 d6 3. d4 cxd4 4. Qxd4 Nc6 5. Bb5 Bd7 6. Bxc6 Bxc6 7. Nf3 e5 8. Qd3 Rc8 9. 0-0 Nf6 10. Bg5 Be7 11. Bxf6 Bxf6 12. Rfd1 Be7 13. Nd5 0-0 14. c4 a6 15. a4 Bxd5 16. Qxd5 Qb6 17. Rd2 Qb4 18. Rc2 Bd8 19. Ne1 Bb6 20. Nd3 Qa5 21. Qxa5 Bxa5 22. b3 f5 23. exf5 Rxf5 24. Rd1 Bb6 25. Nb4 Rcf8 26. Rf1 Bd4 27. Nd5 R8f7 28. Re2 g5 29. Ne3 R5f6 30. Ng4 Re6 31. Rd1 Rf4 32. h3 h5 33. g3 hxg4 34. gxf4 Rh6 35. fxe5 dxe5 36. hxg4 Rh3 37. Rb1 Rg3+ 38. Kf1 Rxg4 39. b4 Kf7 40. c5 Ke6 41. Rc2 Kd5 42. b5 Bxc5 43. bxa6 bxa6 44. Rd1+ Bd4 45. Rb1 Rf4 46. Rb7 g4 47. Kg2 Rf3 48. Rd7+ Ke4 49. Re2+ Kd3 50. Rxe5 Rxf2+ 51. Kg3 Rf1 52. Red5 Rg1+ 53. Kh2 g3+ 54. Kh3 Ke2 55. Rxd4 Ra1 56. Rd2+ Kf3 57. R7d3+ Ke4 58. Rxg3 Kf5 59. Rf2+ Ke4 60. Rg4+ Ke3 61. Rf6 Rh1+ 62. Kg3 Rh5 63. Re6+ Kd3 64. Rxa6 Kc3 65. Rc6+ Kb3 66. a5 Rxa5 67. Rf4 Rd5 68. Rf3+ Kb4 69. Rcf6 Rg5+ 70. Kf2 Rg8 71. R6f4+ Kc5 72. Re3 Kd5 73. Kf3 Rh8 74. Rd3+ Ke5 75. Re4+ Kf6 76. Rd6+ Kf5 77. Rd5+ Kf6 78. Ke3 Rh1 79. Rde5 Re1+ 80. Kd4 Rd1+ 81. Kc4 Rc1+ 82. Kd3 Rd1+ 83. Ke2 Ra1 84. Rb5 Rh1 85. Ra4 Rh2+ 86. Kf1 Ke7 87. Ra6 Kd7 88. Rb7+ Kc8 89. Rg7 Rh8 90. Ra8# 1-0

[Event "Titled Tuesday intern op 17th Jan Early"]
[Site "Chess.com INT"]
[Date "2023.01.17"]
[Round "10"]
[White "Trent, Lawrence"]
[Black "Myshakov, Fyodor"]
[Result "1-0"]
[WhiteElo "2402"]
[BlackElo "2292"]
[PlyCount "209"]
[EventDate "2023.01.17"]
[EventType "swiss (blitz)"]
[EventRounds "11"]
[EventCountry "USA"]
[SourceTitle "CBM 212 Extra"]
[Source "ChessBase"]
[SourceDate "2023.03.31"]
[SourceVersion "1"]
[SourceVersionDate "2023.03.31"]
[SourceQuality "1"]

1. e4 c6 2. Nc3 d5 3. Qf3 d4 4. Bc4 e6 5. Nce2 c5 6. d3 Nc6 7. Qg3 Nge7 8. f4 Ng6 9. Nf3 Be7 10. 0-0 Bh4 11. Nxh4 Qxh4 12. Qf3 0-0 13. a3 a6 14. Bd2 b5 15. Ba2 Bb7 16. f5 Nge5 17. Qg3 Qxg3 18. Nxg3 c4 19. Nh5 exf5 20. Rxf5 Bc8 21. Rg5 g6 22. Bf4 f6 23. Nxf6+ Rxf6 24. Bxe5 Nxe5 25. Rxe5 Be6 26. dxc4 Bxc4 27. Bxc4+ bxc4 28. Rd5 Rb8 29. Rb1 Rfb6 30. Rxd4 Rxb2 31. Rxb2 Rxb2 32. Rxc4 Ra2 33. a4 Kf7 34. Kf2 Ke6 35. Ke3 Ke5 36. g3 Ra3+ 37. c3 Ra2 38. h3 h5 39. h4 Rg2 40. Rc5+ Kd6 41. Rg5 Rc2 42. Kd3 Rf2 43. Rxg6+ Ke5 44. Rg5+ Ke6 45. Ke3 Rc2 46. Rxh5 Rxc3+ 47. Kf4 Rc4 48. Rh6+ Kf7 49. Rxa6 Rc3 50. g4 Rc1 51. h5 Kg7 52. Kg5 Rc5+ 53. Kf4 Rc4 54. Kf5 Rc5+ 55. e5 Rc8 56. Ra7+ Kh8 57. e6 Rf8+ 58. Rf7 Ra8 59. e7 Ra5+ 60. Kg6 Ra6+ 61. Kg5 Ra5+ 62. Kh4 Re5 63. Rf8+ Kg7 64. e8Q Rxe8 65. Rxe8 Kf7 66. Re3 Kf6 67. a5 Kg7 68. a6 Kf6 69. a7 Kg7 70. a8N Kh6 71. g5+ Kg7 72. h6+ Kg6 73. Re7 Kf5 74. Rg7 Ke6 75. h7 Kd5 76. h8N Kc6 77. g6 Kd5 78. Rf7 Ke5 79. g7 Ke6 80. g8N Kd6 81. Rd7+ Kc5 82. Rd5+ Kc4 83. Nb6+ Kb4 84. Ng6 Kc3 85. Nf6 Kb4 86. Nf4 Kb3 87. Ne4 Kb4 88. Rb5+ Kxb5 89. Nbd5 Ka5 90. Ne6 Kb5 91. Ne3 Kc6 92. Nf4 Kd7 93. Nc4 Ke7 94. Ne5 Ke8 95. Nd5 Kd8 96. Nc5 Kc8 97. Nc4 Kb8 98. Nd6 Ka7 99. Nb5+ Kb8 100. Ne7 Ka8 101. Kg4 Kb8 102. Kf4 Ka8 103. Ke4 Kb8 104. Nc6+ Ka8 105. Nc7# 1-0

[Event "Titled Tuesday intern op 17th Jan Early"]
[Site "Chess.com INT"]
[Date "2023.01.17"]
[Round "4"]
[White "Zierk, Steven C"]
[Black "Trent, Lawrence"]
[Result "1-0"]
[WhiteElo "2488"]
[BlackElo "2402"]
[PlyCount "55"]
[EventDate "2023.01.17"]
[EventType "swiss (blitz)"]
[EventRounds "11"]
[EventCountry "USA"]
[SourceTitle "CBM 212 Extra"]
[Source "ChessBase"]
[SourceDate "2023.03.31"]
[SourceVersion "1"]
[SourceVersionDate "2023.03.31"]
[SourceQuality "1"]

1. e4 c5 2. Nf3 d6 3. d4 cxd4 4. Nxd4 Nf6 5. Nc3 g6 6. Be3 a6 7. f3 b5 8. a4 b4 9. Na2 a5 10. c3 Bg7 11. Bb5+ Bd7 12. cxb4 0-0 13. Bxd7 Nbxd7 14. Nc6 Qe8 15. b5 e6 16. Qxd6 Nh5 17. Rd1 Nb8 18. Ne7+ Kh8 19. Nc3 Bf6 20. Bd4 Nd7 21. Nc6 e5 22. Be3 Nb8 23. g4 Bh4+ 24. Bf2 Bxf2+ 25. Kxf2 Nxc6 26. gxh5 Nd4 27. Qf6+ Kg8 28. Rxd4 1-0

[Event "MrDodgy Online Inv Gp-B 3rd"]
[Site "Chess.com INT"]
[Date "2022.11.26"]
[Round "13"]
[White "Shevchenko, Kirill"]
[Black "Trent, Lawrence"]
[Result "1-0"]
[WhiteElo "2649"]
[BlackElo "2402"]
[PlyCount "64"]
[EventDate "2022.11.26"]
[EventType "tourn (blitz)"]
[EventRounds "15"]
[EventCountry "GER"]
[EventCategory "14"]
[SourceTitle "CBM 211 Extra"]
[Source "ChessBase"]
[SourceDate "2023.01.31"]
[SourceVersion "1"]
[SourceVersionDate "2023.01.31"]
[SourceQuality "1"]

1. e4 c5 2. c3 Qa5 3. Nf3 Nc6 4. Be2 Nf6 5. e5 Ng4 6. 0-0 Ngxe5 7. Nxe5 Nxe5 8. d4 Nc6 9. d5 Ne5 10. d6 e6 11. Bf4 Ng6 12. Bg3 f5 13. h4 f4 14. Bh2 Nxh4 15. Bxf4 Qd8 16. Nd2 b6 17. Ne4 Bb7 18. Bg5 Qc8 19. Bh5+ Ng6 20. Qg4 Qc6 21. Rfe1 Bxd6 22. Rad1 Bc7 23. Qf3 Rf8 24. Qh3 Rf5 25. f3 Kf7 26. Bg4 Rd5 27. c4 Rd4 28. Be3 Rxd1 29. Rxd1 h6 30. Bh5 d5 31. Qg4 e5 32. cxd5 Bc8 1-0

[Event "MrDodgy Online Inv Gp-B 3rd"]
[Site "Chess.com INT"]
[Date "2022.11.26"]
[Round "2"]
[White "Trent, Lawrence"]
[Black "Fressinet, Laurent"]
[Result "0-1"]
[WhiteElo "2402"]
[BlackElo "2622"]
[PlyCount "60"]
[EventDate "2022.11.26"]
[EventType "tourn (blitz)"]
[EventRounds "15"]
[EventCountry "GER"]
[EventCategory "14"]
[SourceTitle "CBM 211 Extra"]
[Source "ChessBase"]
[SourceDate "2023.01.31"]
[SourceVersion "1"]
[SourceVersionDate "2023.01.31"]
[SourceQuality "1"]

1. Nc3 Nf6 2. g4 d5 3. g5 Ne4 4. d3 Nxc3 5. bxc3 Nc6 6. Nf3 g6 7. h4 Bg7 8. d4 Bg4 9. Bf4 0-0 10. Bh3 Bxf3 11. exf3 e5 12. Be3 Re8 13. Kf1 exd4 14. cxd4 Na5 15. Kg2 Qd6 16. Qd3 Nc4 17. Rae1 c6 18. Bc1 Qb4 19. c3 Qa5 20. Rxe8+ Rxe8 21. Qc2 Bf8 22. f4 Ba3 23. f5 Bxc1 24. Rxc1 Qc7 25. fxg6 hxg6 26. Rb1 b5 27. Qc1 Re4 28. a4 bxa4 29. f3 Re2+ 30. Kf1 Qh2 0-1

[Event "MrDodgy Online Inv Gp-B 3rd"]
[Site "Chess.com INT"]
[Date "2022.11.26"]
[Round "8"]
[White "Trent, Lawrence"]
[Black "Lagarde, Maxime"]
[Result "0-1"]
[WhiteElo "2402"]
[BlackElo "2573"]
[PlyCount "120"]
[EventDate "2022.11.26"]
[EventType "tourn (blitz)"]
[EventRounds "15"]
[EventCountry "GER"]
[EventCategory "14"]
[SourceTitle "CBM 211 Extra"]
[Source "ChessBase"]
[SourceDate "2023.01.31"]
[SourceVersion "1"]
[SourceVersionDate "2023.01.31"]
[SourceQuality "1"]

1. d4 f5 2. Nc3 Nf6 3. Bf4 d6 4. h3 h6 5. Bh2 g5 6. e3 Bg7 7. Bd3 e6 8. Qe2 Qe7 9. 0-0-0 Nc6 10. Bb5 Bd7 11. Nf3 a6 12. Ba4 b5 13. Bb3 Na5 14. e4 b4 15. e5 bxc3 16. exf6 cxb2+ 17. Kxb2 Bxf6 18. Rhe1 Nxb3 19. axb3 0-0 20. Qc4 f4 21. Qd3 Bg7 22. g4 fxg3 23. Bxg3 Qf7 24. Nd2 a5 25. Ra1 a4 26. h4 axb3 27. Nxb3 Qf5 28. Qxf5 exf5 29. Rxa8 Rxa8 30. Re7 Rd8 31. hxg5 hxg5 32. c3 f4 33. Bh2 Bf6 34. Re1 Kf7 35. Nd2 Rh8 36. Bg1 g4 37. Ne4 f3 38. Nxf6 Kxf6 39. Kc2 Bb5 40. Kd2 Kf5 41. Ra1 d5 42. Re1 c6 43. Ra1 Ke4 44. Re1+ Be2 45. Ra1 Rh1 46. Rc1 g3 47. fxg3 Rxg1 48. Rxg1 f2 49. Rg2 f1Q 50. Rxe2+ Kf3 51. Re3+ Kg4 52. Rd3 Qf2+ 53. Kc1 Kf5 54. Rd2 Qxg3 55. Kc2 Qf3 56. Rd3 Qe2+ 57. Rd2 Qa6 58. Kb2 Ke4 59. Kc2 Ke3 60. Rh2 Qa2+ 0-1

[Event "MrDodgy Online Inv Gp-B 3rd"]
[Site "Chess.com INT"]
[Date "2022.11.26"]
[Round "10"]
[White "Trent, Lawrence"]
[Black "Muradli, Mahammad"]
[Result "0-1"]
[WhiteElo "2402"]
[BlackElo "2540"]
[PlyCount "70"]
[EventDate "2022.11.26"]
[EventType "tourn (blitz)"]
[EventRounds "15"]
[EventCountry "GER"]
[EventCategory "14"]
[SourceTitle "CBM 211 Extra"]
[Source "ChessBase"]
[SourceDate "2023.01.31"]
[SourceVersion "1"]
[SourceVersionDate "2023.01.31"]
[SourceQuality "1"]

1. d4 Nf6 2. Bg5 d5 3. Nd2 c5 4. dxc5 Nc6 5. Ngf3 e6 6. e3 Bxc5 7. a3 h6 8. Bh4 Be7 9. b4 a6 10. c4 a5 11. b5 Nb8 12. Be2 Nbd7 13. 0-0 0-0 14. Qb1 a4 15. Rc1 Nc5 16. Nd4 e5 17. Nf5 Bxf5 18. Qxf5 d4 19. exd4 Qxd4 20. Nf3 Qf4 21. Qxf4 exf4 22. Bxf6 Bxf6 23. Ra2 Rfd8 24. g3 fxg3 25. hxg3 Rd7 26. Kg2 Rad8 27. Rcc2 g6 28. Nh2 Kg7 29. Ng4 Bd4 30. Nh2 h5 31. Nf3 Bf6 32. Nh2 b6 33. Nf1 Bd4 34. Bf3 Nd3 35. Rd2 Ne1+ 0-1

[Event "Titled Tuesday intern op 22nd Nov Late"]
[Site "Chess.com INT"]
[Date "2022.11.22"]
[Round "4"]
[White "Roque Sola, Gisela"]
[Black "Trent, Lawrence"]
[Result "0-1"]
[WhiteElo "2061"]
[BlackElo "2402"]
[PlyCount "66"]
[EventDate "2022.11.22"]
[EventType "swiss (blitz)"]
[EventRounds "11"]
[EventCountry "USA"]
[SourceTitle "CBM 211 Extra"]
[Source "ChessBase"]
[SourceDate "2023.01.31"]
[SourceVersion "1"]
[SourceVersionDate "2023.01.31"]
[SourceQuality "1"]

1. e4 c5 2. Nf3 Nc6 3. d4 cxd4 4. Nxd4 Nf6 5. Nc3 e6 6. Nxc6 bxc6 7. Bd3 e5 8. Bc4 Bb4 9. 0-0 0-0 10. Bg5 h6 11. Bh4 Be7 12. Qd3 d5 13. exd5 cxd5 14. Bxf6 dxc4 15. Qxd8 Bxd8 16. Bxe5 Re8 17. Rfe1 Bf5 18. Bd4 Ba5 19. Re5 Rxe5 20. Bxe5 Bxc2 21. Rc1 Bd3 22. Bd4 a6 23. Be3 Rb8 24. Na4 Rb4 25. b3 cxb3 26. axb3 Rxb3 27. Nc5 Ra3 28. g3 Bb5 29. Nb7 Bc3 30. Bc5 Ra1 31. Rxa1 Bxa1 32. Bb4 Bd4 33. Kg2 Bc6+ 0-1

[Event "Titled Tuesday intern op 11th Oct Late"]
[Site "Chess.com INT"]
[Date "2022.10.11"]
[Round "1"]
[White "Ibarra Jerez, Jose Carlos"]
[Black "Trent, Lawrence"]
[Result "1-0"]
[WhiteElo "2556"]
[BlackElo "2402"]
[PlyCount "107"]
[EventDate "2022.10.11"]
[EventType "swiss (blitz)"]
[EventRounds "11"]
[EventCountry "USA"]
[SourceTitle "EXT 2024"]
[Source "ChessBase"]
[SourceDate "2023.10.10"]
[SourceVersion "1"]
[SourceVersionDate "2023.10.10"]
[SourceQuality "1"]

1. e3 d5 2. Nf3 Bf5 3. c4 e6 4. Qb3 Nc6 5. cxd5 exd5 6. Qxb7 Nge7 7. Qb3 Rb8 8. Qa4 Rb4 9. Qd1 d4 10. Na3 d3 11. b3 Nd5 12. Bb2 Rg4 13. h3 Rg6 14. g3 Ndb4 15. Rc1 Nxa2 16. Rc4 Nab4 17. Nh4 Nc2+ 18. Nxc2 dxc2 19. Qf3 Bb4 20. Rxb4 Nxb4 21. Qxf5 0-0 22. Nxg6 fxg6 23. Qe5 Rf7 24. Bc4 Nd3+ 25. Bxd3 Qxd3 26. Qe8+ Rf8 27. Qe6+ Rf7 28. Qc4 Qf5 29. 0-0 Qxh3 30. Qxc2 h5 31. Qc6 Kh7 32. Qg2 Qe6 33. b4 g5 34. Bc3 h4 35. gxh4 gxh4 36. f4 Qh6 37. Kh2 Rf5 38. Rg1 g6 39. Qc6 Qf8 40. Qd7+ Kh6 41. Qe6 Qf7 42. Qxf7 Rxf7 43. Kh3 Rd7 44. Kxh4 Rd5 45. Rg5 Rd7 46. Rc5 Rf7 47. Kg4 Rd7 48. Bd4 a6 49. Rc6 Rd5 50. Rxc7 a5 51. Bg7+ Kh7 52. Bf6+ Kh6 53. Bg5+ Rxg5+ 54. fxg5# 1-0

[Event "Titled Tuesday intern op 11th Oct Late"]
[Site "Chess.com INT"]
[Date "2022.10.11"]
[Round "4"]
[White "Preotu, Razvan"]
[Black "Trent, Lawrence"]
[Result "1-0"]
[WhiteElo "2461"]
[BlackElo "2402"]
[PlyCount "127"]
[EventDate "2022.10.11"]
[EventType "swiss (blitz)"]
[EventRounds "11"]
[EventCountry "USA"]
[SourceTitle "EXT 2024"]
[Source "ChessBase"]
[SourceDate "2023.10.10"]
[SourceVersion "1"]
[SourceVersionDate "2023.10.10"]
[SourceQuality "1"]

1. e4 c5 2. Nf3 Nc6 3. Bb5 Nf6 4. Nc3 Qc7 5. 0-0 Nd4 6. Re1 a6 7. Bf1 e5 8. d3 d6 9. Bg5 Be7 10. Bxf6 Bxf6 11. Nd5 Qd8 12. c3 Nxf3+ 13. Qxf3 Be6 14. Nxf6+ Qxf6 15. Qxf6 gxf6 16. d4 cxd4 17. cxd4 Rc8 18. d5 Bd7 19. Re3 f5 20. exf5 Bxf5 21. Rb3 Rc7 22. a4 Ke7 23. a5 Rhc8 24. f3 Bd7 25. Bd3 f5 26. Kf2 h6 27. h4 Rf8 28. Rb4 Bc8 29. Ke2 Rc5 30. g4 fxg4 31. fxg4 Rxd5 32. g5 hxg5 33. hxg5 Rh8 34. Be4 Rh2+ 35. Kf3 Rh3+ 36. Ke2 Bg4+ 37. Ke1 Re3+ 38. Kf2 Re2+ 39. Kg3 Rd4 40. Rxd4 exd4 41. Bxb7 Be6 42. Bxa6 Rxb2 43. Kf4 Rf2+ 44. Ke4 Rg2 45. Bb7 Rg4+ 46. Kf3 Rxg5 47. a6 Rf5+ 48. Kg3 Rg5+ 49. Kf2 Rf5+ 50. Kg3 Rg5+ 51. Kh4 Rg4+ 52. Kh5 Rg8 53. a7 Kf6 54. a8Q Rg7 55. Qf8+ Bf7+ 56. Kh4 Rh7+ 57. Kg3 Rg7+ 58. Kf4 Rg8 59. Qxd6+ Be6 60. Qe5+ Kf7 61. Ra7 Rg4+ 62. Kf3 Kf8 63. Qxe6 Rf4+ 64. Kxf4 1-0

[Event "Titled Tuesday intern op 11th Oct Late"]
[Site "Chess.com INT"]
[Date "2022.10.11"]
[Round "5"]
[White "Trent, Lawrence"]
[Black "Sailer, Mike L"]
[Result "1-0"]
[WhiteElo "2402"]
[BlackElo "2109"]
[PlyCount "81"]
[EventDate "2022.10.11"]
[EventType "swiss (blitz)"]
[EventRounds "11"]
[EventCountry "USA"]
[SourceTitle "EXT 2024"]
[Source "ChessBase"]
[SourceDate "2023.10.10"]
[SourceVersion "1"]
[SourceVersionDate "2023.10.10"]
[SourceQuality "1"]

1. e4 d5 2. exd5 Qxd5 3. Nf3 Bg4 4. Be2 Nc6 5. h3 Bxf3 6. Bxf3 Qe6+ 7. Kf1 Nf6 8. c3 g6 9. d4 0-0-0 10. g3 Kb8 11. Kg2 h5 12. Re1 Qd7 13. Nd2 e6 14. Nc4 Bg7 15. Bg5 Rde8 16. Bxf6 Bxf6 17. Qb3 g5 18. Rad1 g4 19. Be4 gxh3+ 20. Kh1 h4 21. Ne5 Bxe5 22. dxe5 Na5 23. Rxd7 Nxb3 24. axb3 hxg3 25. fxg3 Reg8 26. Kh2 Rg5 27. Bc2 Rhg8 28. Re3 Kc8 29. Rxf7 Rd8 30. Bd3 a6 31. b4 Rd5 32. Kxh3 Rdxe5 33. Rxe5 Rxe5 34. Rf3 Kd7 35. g4 c5 36. bxc5 Rxc5 37. Kh4 e5 38. g5 Ke6 39. g6 Rc8 40. g7 Rg8 41. Bc4+ 1-0